MARC details
| 000 -LEADER |
| fixed length control field |
03112nam a2200697 4500 |
| 001 - CONTROL NUMBER |
| control field |
vtls000068788 |
| 003 - CONTROL NUMBER IDENTIFIER |
| control field |
RU-NoNGA |
| 005 - DATE AND TIME OF LATEST TRANSACTION |
| control field |
20260114163826.0 |
| 008 - FIXED-LENGTH DATA ELEMENTS--GENERAL INFORMATION |
| fixed length control field |
090910s2005 ru || |||| ||rus d |
| 020 ## - INTERNATIONAL STANDARD BOOK NUMBER |
| International Standard Book Number |
5797503344 |
| Terms of availability |
184.00 |
| 035 ## - SYSTEM CONTROL NUMBER |
| System control number |
o000068788 |
| 039 #9 - LEVEL OF BIBLIOGRAPHIC CONTROL AND CODING DETAIL [OBSOLETE] |
| Level of rules in bibliographic description |
202005242117 |
| Level of effort used to assign nonsubject heading access points |
best |
| Level of effort used to assign subject headings |
201710131217 |
| Level of effort used to assign classification |
Guseva |
| Level of effort used to assign subject headings |
201705100830 |
| Level of effort used to assign classification |
best |
| Level of effort used to assign subject headings |
201404111048 |
| Level of effort used to assign classification |
best |
| -- |
200512021637 |
| -- |
best |
| 040 ## - CATALOGING SOURCE |
| Original cataloging agency |
RU-NoNGA |
| Language of cataloging |
rus |
| Transcribing agency |
RU-NoNGA |
| 084 ## - OTHER CLASSIFICATION NUMBER |
| Classification number |
67.08я73 |
| Number source |
rubbk |
| 100 1# - MAIN ENTRY--PERSONAL NAME |
| Personal name |
Саидов, Акмал Холматович |
| 9 (RLIN) |
103159 |
| 245 1# - TITLE STATEMENT |
| Title |
Сравнительное правоведение |
| Remainder of title |
(основные правовые системы современности) : учебник |
| Statement of responsibility, etc. |
Саидов А. Х. ; под ред. В. А. Туманова ; Ин-т государства и права РАН, Акад. правовой ун-т |
| 260 ## - PUBLICATION, DISTRIBUTION, ETC. |
| Place of publication, distribution, etc. |
М. |
| Name of publisher, distributor, etc. |
ЮРИСТЪ |
| Date of publication, distribution, etc. |
2005 |
| 300 ## - PHYSICAL DESCRIPTION |
| Extent |
441 с. |
| 440 ## - SERIES STATEMENT/ADDED ENTRY--TITLE |
| Title |
Institutiones |
| 9 (RLIN) |
3404 |
| 650 14 - SUBJECT ADDED ENTRY--TOPICAL TERM |
| Topical term or geographic name entry element |
право |
| 9 (RLIN) |
30 |
| 650 14 - SUBJECT ADDED ENTRY--TOPICAL TERM |
| Topical term or geographic name entry element |
теория права |
| 9 (RLIN) |
3898 |
| 650 14 - SUBJECT ADDED ENTRY--TOPICAL TERM |
| Topical term or geographic name entry element |
сравнительное правоведение |
| 9 (RLIN) |
9578 |
| 650 14 - SUBJECT ADDED ENTRY--TOPICAL TERM |
| Topical term or geographic name entry element |
методология правоведения |
| 9 (RLIN) |
103160 |
| 650 14 - SUBJECT ADDED ENTRY--TOPICAL TERM |
| Topical term or geographic name entry element |
история правоведения |
| 9 (RLIN) |
103161 |
| 650 14 - SUBJECT ADDED ENTRY--TOPICAL TERM |
| Topical term or geographic name entry element |
правовая карта мира |
| 9 (RLIN) |
103162 |
| 650 14 - SUBJECT ADDED ENTRY--TOPICAL TERM |
| Topical term or geographic name entry element |
правовая система |
| 9 (RLIN) |
7313 |
| 650 14 - SUBJECT ADDED ENTRY--TOPICAL TERM |
| Topical term or geographic name entry element |
правовая семья |
| 9 (RLIN) |
9582 |
| 650 14 - SUBJECT ADDED ENTRY--TOPICAL TERM |
| Topical term or geographic name entry element |
международное право |
| 9 (RLIN) |
1307 |
| 650 14 - SUBJECT ADDED ENTRY--TOPICAL TERM |
| Topical term or geographic name entry element |
международное публичное право |
| 9 (RLIN) |
21623 |
| 650 14 - SUBJECT ADDED ENTRY--TOPICAL TERM |
| Topical term or geographic name entry element |
международное частное право |
| 9 (RLIN) |
21289 |
| 650 14 - SUBJECT ADDED ENTRY--TOPICAL TERM |
| Topical term or geographic name entry element |
европейское право |
| 9 (RLIN) |
7889 |
| 650 14 - SUBJECT ADDED ENTRY--TOPICAL TERM |
| Topical term or geographic name entry element |
романо-германская правовая семья |
| 9 (RLIN) |
64844 |
| 650 14 - SUBJECT ADDED ENTRY--TOPICAL TERM |
| Topical term or geographic name entry element |
скандинавские страны |
| 9 (RLIN) |
20988 |
| 650 14 - SUBJECT ADDED ENTRY--TOPICAL TERM |
| Topical term or geographic name entry element |
Латинская Америка |
| 9 (RLIN) |
5019 |
| 650 10 - SUBJECT ADDED ENTRY--TOPICAL TERM |
| Topical term or geographic name entry element |
Япония |
| 9 (RLIN) |
542 |
| 650 14 - SUBJECT ADDED ENTRY--TOPICAL TERM |
| Topical term or geographic name entry element |
социалистическое право |
| 9 (RLIN) |
16742 |
| 650 10 - SUBJECT ADDED ENTRY--TOPICAL TERM |
| Topical term or geographic name entry element |
Англия |
| 9 (RLIN) |
136761 |
| 650 14 - SUBJECT ADDED ENTRY--TOPICAL TERM |
| Topical term or geographic name entry element |
США |
| 9 (RLIN) |
17832 |
| 650 14 - SUBJECT ADDED ENTRY--TOPICAL TERM |
| Topical term or geographic name entry element |
Британское Содружество |
| 9 (RLIN) |
103163 |
| 650 14 - SUBJECT ADDED ENTRY--TOPICAL TERM |
| Topical term or geographic name entry element |
мусульманская правовая семья |
| 9 (RLIN) |
103164 |
| 650 14 - SUBJECT ADDED ENTRY--TOPICAL TERM |
| Topical term or geographic name entry element |
индусское право |
| 9 (RLIN) |
103165 |
| 650 14 - SUBJECT ADDED ENTRY--TOPICAL TERM |
| Topical term or geographic name entry element |
Дальний Восток |
| 9 (RLIN) |
338 |
| 650 14 - SUBJECT ADDED ENTRY--TOPICAL TERM |
| Topical term or geographic name entry element |
африканская правовая семья |
| 9 (RLIN) |
103166 |
| 650 14 - SUBJECT ADDED ENTRY--TOPICAL TERM |
| Topical term or geographic name entry element |
смешанные правовые системы |
| 9 (RLIN) |
103167 |
| 650 14 - SUBJECT ADDED ENTRY--TOPICAL TERM |
| Topical term or geographic name entry element |
национальные правовые системы |
| 9 (RLIN) |
9579 |
| 650 14 - SUBJECT ADDED ENTRY--TOPICAL TERM |
| Topical term or geographic name entry element |
Узбекистан |
| 9 (RLIN) |
9135 |
| 650 14 - SUBJECT ADDED ENTRY--TOPICAL TERM |
| Topical term or geographic name entry element |
МАЮН |
| 9 (RLIN) |
103168 |
| 650 14 - SUBJECT ADDED ENTRY--TOPICAL TERM |
| Topical term or geographic name entry element |
МАСП |
| 9 (RLIN) |
103169 |
| 650 14 - SUBJECT ADDED ENTRY--TOPICAL TERM |
| Topical term or geographic name entry element |
МФСП |
| 9 (RLIN) |
103170 |
| 650 14 - SUBJECT ADDED ENTRY--TOPICAL TERM |
| Topical term or geographic name entry element |
КНР |
| 9 (RLIN) |
11731 |
| 650 14 - SUBJECT ADDED ENTRY--TOPICAL TERM |
| Topical term or geographic name entry element |
Израиль |
| 9 (RLIN) |
18556 |
| 650 14 - SUBJECT ADDED ENTRY--TOPICAL TERM |
| Topical term or geographic name entry element |
Луизиана |
| 9 (RLIN) |
103171 |
| 650 14 - SUBJECT ADDED ENTRY--TOPICAL TERM |
| Topical term or geographic name entry element |
ЮАР |
| 9 (RLIN) |
38171 |
| 650 14 - SUBJECT ADDED ENTRY--TOPICAL TERM |
| Topical term or geographic name entry element |
РСФСР |
| 9 (RLIN) |
2039 |
| 852 ## - LOCATION |
| Classification part |
Б67.08 |
| Item part |
С 149 |
| 856 4# - ELECTRONIC LOCATION AND ACCESS |
| Uniform Resource Identifier |
<a href="https://opac.nsuem.ru/mm/2008/000068788.pdf">https://opac.nsuem.ru/mm/2008/000068788.pdf</a> |
| Link text |
содержание |
| 906 ## - LOCAL DATA ELEMENT F, LDF (RLIN) |
| a |
exlibris |
| 942 ## - ADDED ENTRY ELEMENTS (KOHA) |
| Source of classification or shelving scheme |
Другие схемы классификации (ББК) |
| Koha item type |
Книги |
| Classification part |
Б67.08 |
| Item part |
С 149 |
| 962 ## - Инвентарный/массовый № |
| Сигла хранения |
ч/з учеб.лит. |
| Количество экз. |
1 |
| Массовый № |
05.466 |
| 962 ## - Инвентарный/массовый № |
| Сигла хранения |
учеб.аб. |
| Количество экз. |
2 |
| Массовый № |
05.466 |
| 999 ## - SYSTEM CONTROL NUMBERS (KOHA) |
| Koha biblionumber |
45237 |